Wird geladen...

PERSONALIZATION IN TOURISM

Bibliographische Detailangaben
1. Verfasser: VIJAI CAPRIHAN AND KRITI SHIVAKUMAR
Format: Journal Article
Veröffentlicht: SAJOSPS 2003
LEADER 00340nam a22001097a 4500
100 |a VIJAI CAPRIHAN AND KRITI SHIVAKUMAR  |9 27624 
245 |a PERSONALIZATION IN TOURISM  
260 |b SAJOSPS  |c 2003 
300 |a p.109-112  |b January-June 
942 |c JA 
999 |c 76373  |d 76373 
952 |0 0  |1 0  |4 0  |7 0  |9 68377  |a MGUL  |b MGUL  |c JA  |d 2016-02-24  |l 0  |r 2016-02-24  |w 2016-02-24  |y JA